[Event "Douglas Major & Minor op"]
[Site "Douglas"]
[Date "2023.10.29"]
[Round "2"]
[White "Mehmet, Zia"]
[Black "Narva, Triin"]
[Result "0-1"]
[WhiteElo "1822"]
[BlackElo "2093"]
[PlyCount "124"]
[EventDate "2023.10.28"]
[EventType "swiss"]
[EventRounds "7"]
[EventCountry "IOM"]
[SourceTitle "CB46_2023"]
[SourceDate "2023.11.15"]
[SourceVersion "1"]
[SourceVersionDate "2023.11.15"]
[SourceQuality "1"]

1. d4 g6 2. Nf3 Bg7 3. Bf4 d6 4. e3 Nd7 5. c3 e5 6. dxe5 dxe5 7. Bg3 Ne7 8. Bc4 0-0 9. 0-0 Nf5 10. Nbd2 Nxg3 11. hxg3 Nb6 12. Bb3 Bg4 13. Qc2 c6 14. Rfe1 Qe7 15. Nh2 Bd7 16. Nhf3 Rad8 17. a4 Kh8 18. a5 Nd5 19. Bc4 Bg4 20. Be2 f5 21. Nh2 Bxe2 22. Rxe2 e4 23. Nhf1 Nf6 24. Nb3 Nd7 25. Rd2 Ne5 26. Rad1 Nc4 27. Rxd8 Rxd8 28. Ra1 Qd6 29. Ra4 Qd5 30. Qb1 Nxe3 31. Nxe3 Qxb3 32. Rb4 Qf7 33. Qc2 Qc7 34. Qb3 Rd7 35. Nc4 Bf8 36. Ra4 Bc5 37. Kf1 Qd8 38. Ra1 Qg8 39. Qa4 Qd5 40. Re1 b5 41. axb6 axb6 42. Ne3 Qd3+ 43. Kg1 Bxe3 44. fxe3 Qd2 45. Ra1 Qxe3+ 46. Kf1 Qc5 47. Qa8+ Kg7 48. Ra7 Qe7 49. Rxd7 Qxd7 50. Qb8 b5 51. Qe5+ Kf7 52. Qh8 Ke6 53. Qg8+ Kd6 54. Qb8+ Qc7 55. Qf8+ Ke6 56. Qe8+ Kf6 57. Qf8+ Kg5 58. Qc5 Qxg3 59. Qf8 e3 60. Qd8+ Kh5 61. Kg1 Qf2+ 62. Kh2 e2 0-1

[Event "Isle of Man Major op"]
[Site "Isle of Man"]
[Date "2019.10.18"]
[Round "7"]
[White "Mehmet, Zia"]
[Black "Cross, Glenn"]
[Result "1/2-1/2"]
[WhiteElo "1856"]
[BlackElo "1775"]
[PlyCount "29"]
[EventDate "2019.10.12"]
[EventType "swiss"]
[EventRounds "7"]
[EventCountry "IOM"]
[SourceTitle "CBM 192 Extra"]
[Source "Chessbase"]
[SourceDate "2019.11.06"]
[SourceVersion "1"]
[SourceVersionDate "2019.11.06"]
[SourceQuality "1"]

1. d4 d5 2. Bf4 Nf6 3. e3 Bf5 4. Nd2 e6 5. Ngf3 Nh5 6. Bg5 Be7 7. Bxe7 Qxe7 8. Ne5 Nf6 9. Bd3 Nbd7 10. Ndf3 0-0 11. Bxf5 exf5 12. Nxd7 Nxd7 13. 0-0 Rfe8 14. Re1 Nf6 15. Qd3 1/2-1/2

[Event "Isle of Man Major op"]
[Site "Isle of Man"]
[Date "2019.10.17"]
[Round "6"]
[White "Ford, Clifton P"]
[Black "Mehmet, Zia"]
[Result "1-0"]
[WhiteElo "1775"]
[BlackElo "1856"]
[PlyCount "55"]
[EventDate "2019.10.12"]
[EventType "swiss"]
[EventRounds "7"]
[EventCountry "IOM"]
[SourceTitle "CBM 192 Extra"]
[Source "Chessbase"]
[SourceDate "2019.11.06"]
[SourceVersion "1"]
[SourceVersionDate "2019.11.06"]
[SourceQuality "1"]

1. d4 Nf6 2. c4 g6 3. Nc3 d6 4. e4 Bg7 5. f4 0-0 6. Nf3 c5 7. d5 Nfd7 8. Be2 a6 9. a4 b6 10. 0-0 Qc7 11. Kh1 Nf6 12. e5 Ne8 13. exd6 exd6 14. Bd3 Nd7 15. f5 Ndf6 16. fxg6 hxg6 17. Bg5 Bd7 18. Qd2 Qc8 19. Rae1 Rb8 20. Nh4 Qd8 21. Rf4 Rb7 22. Ne4 Nxe4 23. Rfxe4 Bf6 24. Bxf6 Qxf6 25. Rf1 Qg7 26. Re7 Bc8 27. Nxg6 Nf6 28. Rxb7 1-0

[Event "Isle of Man Major op"]
[Site "Isle of Man"]
[Date "2019.10.15"]
[Round "4"]
[White "Moyse, Nigel John"]
[Black "Mehmet, Zia"]
[Result "1-0"]
[WhiteElo "2055"]
[BlackElo "1856"]
[PlyCount "119"]
[EventDate "2019.10.12"]
[EventType "swiss"]
[EventRounds "7"]
[EventCountry "IOM"]
[SourceTitle "CBM 192 Extra"]
[Source "Chessbase"]
[SourceDate "2019.11.06"]
[SourceVersion "1"]
[SourceVersionDate "2019.11.06"]
[SourceQuality "1"]

1. d4 Nf6 2. c4 e6 3. Nf3 d5 4. Nc3 c6 5. Bf4 Be7 6. e3 0-0 7. Rc1 Qa5 8. Nd2 Nbd7 9. Bd3 h6 10. 0-0 Qd8 11. e4 dxe4 12. Ndxe4 Qa5 13. Ng3 Re8 14. Re1 Bf8 15. Be5 a6 16. Qf3 Be7 17. Bb1 Ra7 18. Qd3 Nf8 19. Nce4 Qd8 20. Nxf6+ Bxf6 21. Qe3 Bg5 22. f4 Bh4 23. d5 Ra8 24. dxc6 bxc6 25. Red1 Qa5 26. Bd6 Be7 27. b4 Qd8 28. c5 Bd7 29. a3 Ra7 30. Rc4 Bxd6 31. Rxd6 Qe7 32. Qd2 Rc8 33. Re4 Qd8 34. Ne2 Rcc7 35. Nd4 Qc8 36. Re1 Qb7 37. Nf3 Ra8 38. Rd1 Be8 39. Qd3 Rcc8 40. f5 exf5 41. Qxf5 Rc7 42. Ne5 a5 43. Qg4 axb4 44. axb4 Re7 45. Nd3 Ne6 46. h4 Qa7 47. Kh1 Qc7 48. Ne5 Ra7 49. Nc4 Nf8 50. Nb6 Ne6 51. Bf5 Ra2 52. Bxe6 fxe6 53. Rd8 Qe5 54. Nc8 Kf8 55. Nxe7 Kxe7 56. Qd4 Qg3 57. Rxe8+ Kxe8 58. Qd7+ Kf8 59. Rf1+ Rf2 60. Qd6+ 1-0

[Event "Isle of Man Major op"]
[Site "Isle of Man"]
[Date "2019.10.14"]
[Round "3"]
[White "Mehmet, Zia"]
[Black "Waterfield, Mark"]
[Result "1-0"]
[WhiteElo "1856"]
[BlackElo "1722"]
[PlyCount "73"]
[EventDate "2019.10.12"]
[EventType "swiss"]
[EventRounds "7"]
[EventCountry "IOM"]
[SourceTitle "CBM 192 Extra"]
[Source "Chessbase"]
[SourceDate "2019.11.06"]
[SourceVersion "1"]
[SourceVersionDate "2019.11.06"]
[SourceQuality "1"]

1. Nf3 f5 2. g3 Nf6 3. Bg2 e6 4. c4 Be7 5. Nc3 d6 6. d4 0-0 7. 0-0 Ne4 8. Nd2 Nxc3 9. bxc3 e5 10. Qb3 Nc6 11. c5+ Kh8 12. cxd6 cxd6 13. e3 Qe8 14. Rb1 Qh5 15. Qd1 Qh6 16. Re1 Bd8 17. Ba3 Re8 18. Qa4 e4 19. d5 Bd7 20. dxc6 Bxc6 21. Qd1 Ba5 22. Bb4 Bc7 23. Nb3 Qf6 24. Nd4 Bd5 25. a4 a6 26. Nb5 axb5 27. Qxd5 bxa4 28. Qxb7 Ba5 29. Red1 Bxb4 30. Qxb4 a3 31. Bf1 a2 32. Ra1 Red8 33. Qc4 Rdc8 34. Qd5 Qxc3 35. Rxa2 Rab8 36. Rad2 Rb6 37. Qxf5 1-0

[Event "Isle of Man Major op"]
[Site "Isle of Man"]
[Date "2019.10.13"]
[Round "2"]
[White "Mehmet, Zia"]
[Black "Berendsen, David"]
[Result "1/2-1/2"]
[WhiteElo "1856"]
[BlackElo "1761"]
[PlyCount "93"]
[EventDate "2019.10.12"]
[EventType "swiss"]
[EventRounds "7"]
[EventCountry "IOM"]
[SourceTitle "CBM 192 Extra"]
[Source "Chessbase"]
[SourceDate "2019.11.06"]
[SourceVersion "1"]
[SourceVersionDate "2019.11.06"]
[SourceQuality "1"]

1. Nf3 Nf6 2. g3 d6 3. Bg2 e5 4. d3 Be7 5. c4 0-0 6. Nc3 Nbd7 7. 0-0 c6 8. Rb1 a5 9. a3 Qc7 10. Nd2 Nb6 11. b4 axb4 12. axb4 Bg4 13. h3 Bh5 14. Nf3 Ra7 15. Qb3 Rfa8 16. Bb2 Na4 17. Nxa4 Rxa4 18. Ra1 Rxa1 19. Rxa1 Rxa1+ 20. Bxa1 Qc8 21. g4 Bg6 22. Nh4 Nd7 23. Nxg6 hxg6 24. d4 Bf6 25. e3 exd4 26. Bxd4 Qe8 27. Bxf6 gxf6 28. f4 Qe6 29. Qd3 Nb6 30. Bf1 d5 31. c5 Nc4 32. Kf2 Kg7 33. Qd4 g5 34. Bd3 gxf4 35. exf4 Nd2 36. Bf5 Ne4+ 37. Kf3 Qe7 38. h4 Kh6 39. h5 Qf8 40. Bxe4 dxe4+ 41. Qxe4 Qd8 42. Ke2 Qd7 43. Kf3 Qd1+ 44. Kg3 Qg1+ 45. Kh3 Qf1+ 46. Kg3 Qg1+ 47. Kh3 1/2-1/2

[Event "Douglas IoM Major op"]
[Site "Douglas"]
[Date "2017.09.27"]
[Round "3"]
[White "Mehmet, Zia"]
[Black "Ford, Clifton P"]
[Result "1-0"]
[WhiteElo "1892"]
[BlackElo "1794"]
[PlyCount "43"]
[EventDate "2017.09.25"]
[EventType "swiss"]
[EventRounds "7"]
[EventCountry "IOM"]
[SourceTitle "CBM 181 Extra"]
[Source "ChessBase"]
[SourceDate "2017.12.12"]
[SourceVersion "1"]
[SourceVersionDate "2017.12.12"]
[SourceQuality "1"]

1. d4 Nf6 2. Nf3 e6 3. Bf4 c5 4. c3 d5 5. e3 Nc6 6. Nbd2 Bd6 7. Bg3 0-0 8. Ne5 Qe7 9. Bd3 a5 10. a4 Rb8 11. 0-0 Bd7 12. b3 cxd4 13. exd4 Rbc8 14. Rc1 Rfd8 15. Re1 Rc7 16. Bh4 Rdc8 17. Rc2 Nd8 18. Qf3 Nc6 19. Ng4 Nxd4 20. cxd4 Rxc2 21. Nxf6+ gxf6 22. Bxf6 1-0

[Event "Douglas IoM Major op"]
[Site "Douglas"]
[Date "2017.09.25"]
[Round "1"]
[White "Mehmet, Zia"]
[Black "Price, Andrew"]
[Result "1/2-1/2"]
[WhiteElo "1892"]
[BlackElo "1768"]
[PlyCount "63"]
[EventDate "2017.09.25"]
[EventType "swiss"]
[EventRounds "7"]
[EventCountry "IOM"]
[SourceTitle "CBM 181 Extra"]
[Source "ChessBase"]
[SourceDate "2017.12.12"]
[SourceVersion "1"]
[SourceVersionDate "2017.12.12"]
[SourceQuality "1"]

1. d4 e6 2. Nf3 Nf6 3. Bf4 b6 4. e3 Be7 5. h3 Bb7 6. Nbd2 d6 7. c3 Nbd7 8. Be2 Ne4 9. Nxe4 Bxe4 10. Bd3 f5 11. Bc4 d5 12. Bb5 Bxf3 13. gxf3 Bd6 14. Bxd6 cxd6 15. Qa4 Qc7 16. Rg1 g6 17. Kd2 Ke7 18. Bxd7 Qxd7 19. Qxd7+ Kxd7 20. f4 Ke7 21. Kd3 Rac8 22. Rac1 Rc7 23. Kd2 Kf6 24. Rg3 b5 25. a3 Rhc8 26. Rgg1 Rg7 27. h4 Rcg8 28. Rh1 Rc7 29. Rcg1 Rcg7 30. Kc2 Rc7 31. Kd2 Rcg7 32. Kc2 1/2-1/2